| 000 | 01588njm a22003377a 4500 | ||
|---|---|---|---|
| 005 | 20100917110119.0 | ||
| 007 | sd ammalaaahaa | ||
| 008 | 100904t xxu||||| |||| 00| 0 hin d | ||
| 028 |
_aPEALP.2030 _bHis Master's Voice |
||
| 028 |
_a2XJW.5429 _bHis Master's Voice |
||
| 028 |
_a2XJW.5430 _bHis Master's Voice |
||
| 035 | _aGR-03087 | ||
| 040 | _aSED/VEN | ||
| 100 |
_91184 _aKishore Kumar |
||
| 245 |
_aMuqaddar Ka Sikandar (Part-1) _bHindi Films / _cby Kishore Kumar; Music by Kalyanji Anandji; Lyric by Anjaan _h[Sound Recording] : |
||
| 246 | _aमुकद्दर का सिकन्दर (किशोर कुमार) | ||
| 250 | _aP-1980 | ||
| 260 |
_aDum Dum, India : _bHis Master's Voice |
||
| 300 |
_a1 sound disc [Gramophone Recording] : _banalog, 33 1/3 rpm ; _c12 in. [LP] _fGramophone Records |
||
| 500 | _aBrief Records | ||
| 500 | _aRecord Labels: His Master's Voice, Red | ||
| 505 | _aSong Side-1; ओ साथी रे (मुकद्दर का सिकन्दर) (किशोर कुमार), Song Side-2; मेरे पास आओ (मिस्टर नटवरलाल) (अमिताभ बच्चन, मास्टर रवि और दूसरे बच्चे) (Part-2) | ||
| 600 |
_920259 _aKishore Kumar |
||
| 610 | _920322 | ||
| 650 |
_aClassical Music _xExcerpts _zIndia _918309 |
||
| 700 |
_918319 _aAmitabh |
||
| 700 |
_918320 _aMaster Ravi |
||
| 700 |
_920323 _aChildren |
||
| 942 |
_2ddc _cGR |
||
| 999 |
_c46370 _d46370 |
||